=LDR 00000nam 2200000 4500 =001 INLIS000000000049244 =005 20200907030753 =035 ##$$a 0010-021700000000036 =008 200907################g##########0#ind## =020 ##$$a 978-979-3544-02-3 =040 ##$$a NBPDMAT =082 ##$$a 301 =090 ##$$a 301 .072 .Cou e =100 ##$$a Coulon Alain =245 1#$$a Etnometodologi /$c Alam Coulon , Penerjemah , Jimmy ph PAAT =250 ##$$a Cet .3 =260 ##$$a Mataram :$b Lengge,$c 2008 =300 ##$$a XI, 168 hlm . ; $c 14x19 cm =500 ##$$a Bibliografi : hlm .156 - 168 =650 #4$$a Sosiologi - Penelitian =700 #$$a Jimmy ph PAAT =084 ##$$a 301 COU e =990 ##$$a 281/46/2017 =990 ##$$a 281/46/2017 =990 ##$$a 281/46/2017 =990 ##$$a 281/46/2017 =990 ##$$a 281/46/2017 =990 ##$$a 31800347